000
00293nam a22001337a 4500
008
171219b xxu||||| |||| 00| 0 eng d
020
_a
9780240520827
041
_a
eng
080
_a
004
100
_a
30
101
_a
SHK
245
_a
MAYA CHARACTER RINGING
_c
JASON.S
942
_2
udc
_c
BK
999
_c
39186
_d
39186